Mathematics and plausible reasonings
Tallennettuna:
| Päätekijä: | |
|---|---|
| Aineistotyyppi: | Kirja |
| Kieli: | englanti |
| Julkaistu: |
Princeton
Princeton University Press
1954
|
| Aiheet: | |
| Tagit: |
Lisää tagi
Ei tageja, Lisää ensimmäinen tagi!
|
MARC
| LEADER | 00000nam a2200000 a 4500 | ||
|---|---|---|---|
| 001 | UCW1275 | ||
| 003 | CL-VaPUC | ||
| 008 | 911223e19540000US |||||||||||||||||eng|d | ||
| 082 | 0 | 4 | |a 511.2 |b POL |2 21 |
| 100 | 0 | |a Pólya, George |e author |9 305195 | |
| 245 | 1 | 0 | |a Mathematics and plausible reasonings |
| 300 | |a 2 v | ||
| 942 | |c BK | ||
| 945 | |d 19911223 00:00:00 |a mfernand | ||
| 260 | |a Princeton |b Princeton University Press |c 1954 | ||
| 500 | |a v.1: Induction and analogy in mathematics | ||
| 500 | |a v.2: Patterns of plausible inference | ||
| 650 | 7 | |a INDUCCION MATEMATICAS |2 CL-VaPUC |9 270690 | |
| 650 | 0 | |a Matemática |9 260235 | |
| 583 | |a last modification |c 20120529 12:35:07 |k Rodrigo Vera | ||
| 999 | |c 216192 |d 216190 | ||
| 952 | |0 0 |1 0 |4 0 |6 511_200000000000000_POL_1954 |7 0 |8 A |9 201694 |a BIBMAT |b BIBMAT |d 2019-11-14 |h v.1 |i 2689391 |o 511.2 POL 1954 |p 2689391 |r 2025-01-07 |w 2019-11-14 |y BK |k MAT | ||
| 952 | |0 0 |1 0 |4 0 |6 511_200000000000000_POL_1954 |7 0 |8 A |9 201695 |a BIBMAT |b BIBMAT |d 2019-11-14 |h v.2 |i 2689405 |o 511.2 POL 1954 |p 2689405 |r 2025-01-07 |w 2019-11-14 |y BK |k MAT | ||